Mejoramiento de la productividad de presupuestos de obras civiles mediante la implementación de un programa de cómputo

שמור ב:
מידע ביבליוגרפי
מחבר ראשי: Montero Álvarez, Cristian
פורמט: ספר
יצא לאור: [San José, Costa Rica] 2005
נושאים:
תגים: הוספת תג
אין תגיות, היה/י הראשונ/ה לתייג את הרשומה!

MARC

LEADER 00000nam a2200000Ia 4500
003 009484
005 20221231144132.0
008 140114s2005 cr a m 000 ||s d
040 |c cru CEDI  
090 |a TFG 5024 
100 |a Montero Álvarez, Cristian  |9 6103 
245 |a Mejoramiento de la productividad de presupuestos de obras civiles mediante la implementación de un programa de cómputo  
260 |c 2005  |a [San José, Costa Rica] 
300 |a ii, 130, [47] hojas  
500 |a  Tesis (licenciatura en ingeniería civil)--Universidad de Costa Rica. Facultad de Ingeniería. Escuela de Ingeniería Civil 
650 |x INDUSTRIA DE LA CONSTRUCCION   |x PROGRAMAS PARA COMPUTADORA   |x COSTOS DE PRODUCCION   |x  PRESUPUESTOS  |9 6104 
942 |c TFG 
999 |c 17399  |d 17399